000 00493nam a2200193Ia 4500
005 20260429112217.0
008 260429s9999||||xx |||||||||||||| ||und||
020 _a9789392798399
041 _aEnglish
082 _a330.954
_bSAH
100 _aSahoo, Damodar
245 0 _aEconomic models and theories /
_cDamodar Sahoo
250 _a1st ed.
260 _aNew Delhi :
_bSSDN Publishers,
_c2025.
300 _aviii, 264 p.; hb
650 _a India
650 _aEconomics
942 _cTB
999 _c52915
_d52915